000 00280nam a2200121Ia 4500
008 231129s9999||||xx |||||||||||||| ||spa||
040 _bspa
082 _a920 D497
100 _aDevlin Bernadette
245 0 _aEl precio de mi alma
264 _aPlaza y Janes
942 _2ddc
_cBKS
999 _c12153
_d12153